000 00958cam a2200265 4500
001 1024
003 BD-RjUL
005 20211208233251.0
008 131124s1968 pk a b 000 0 eng
035 _a(BD-RjUL) 1046
040 _aDLC
_cDLC
_dDLC
_dBD-RjUL
_beng
041 _aeng
082 0 0 _a027.45492
_bSYP 1968
100 1 _aSyed, Mohammad Abu.
_93015
245 1 0 _aPublic libraries in East Pakistan:
_byesterday & today /
_cby Mohammad Abu Syed; With a foreword by F. G. B. Hutchings.
260 _aDacca :
_bGreen Book House,
_c1968.
300 _axix, 116 p. :
_billus. ;
_c22 cm.
350 _a4.75
500 _a"My two papers on public libraries ... 'Planning a nation-wide public library system' [and] 'A plan for public library development' ... form the basis of this work."
504 _aBibliography: p. [108]-112.
650 0 _aPublic libraries
_zBangladesh.
_93016
942 _2ddc
_cBK
999 _c1024
_d1024